Trouble in paradise? The erosion of system support and the centralamericanization of Costa Rica: 1978-1999

Збережено в:
Бібліографічні деталі
Автор: Seligson, Mitchell A
Формат: Текст
Опубліковано: San José :
Редагування:0
Теги: Додати тег
Немає тегів, Будьте першим, хто поставить тег для цього запису!

MARC

LEADER 00000 a a2200000 04500
001 18247
003
040
090 |a 142610  
100 |a Seligson, Mitchell A  
245 |a Trouble in paradise? The erosion of system support and the centralamericanization of Costa Rica: 1978-1999  
250 |a 0  
260 |a San José :  
300 |a 21 p.  
300 |b **no definido**   |b fonodiscos  
999 |c 14834  |d 14834